10 państw najbliżej Gruzji - Statystyki

Ogólne statystyki
  • Ten quiz został rozwiązany 71 razy
  • Średni wynik to 9 z 10
Statystyki odpowiedzi
km Państwo % Poprawnych
0 Rosja
100%
0 Armenia
96%
0 Azerbejdżan
96%
420 Kazachstan
94%
0 Turcja
94%
441 Irak
93%
227 Iran
93%
339 Ukraina
85%
485 Turkmenistan
84%
436 Syria
82%
Nie znaleziono quizów pasujących do podanych kryteriów
Rozkład punktacji
Procent ludzi z każdym wynikiem
Percentyl według liczby udzielonych odpowiedzi
Twoja historia wyników
Nie rozwiązałeś tego quizu